Handbook of Unusual Natural Phenomena (Record no. 6479)

MARC details
000 -LEADER
fixed length control field 00542nam a2200181Ia 4500
003 - CONTROL NUMBER IDENTIFIER
control field IN-BaIIA
008 - FIXED-LENGTH DATA ELEMENTS--GENERAL INFORMATION
fixed length control field 211028s9999 xx 000 0 eng d
020 ## - INTERNATIONAL STANDARD BOOK NUMBER
International Standard Book Number 0-915554-01-1
040 ## - CATALOGING SOURCE
Transcribing agency IIA Library
080 ## - UNIVERSAL DECIMAL CLASSIFICATION NUMBER
Universal Decimal Classification number (035)52
Item number COR
100 ## - MAIN ENTRY--PERSONAL NAME
Personal name Corliss, William R
9 (RLIN) 6946
245 #0 - TITLE STATEMENT
Title Handbook of Unusual Natural Phenomena
Statement of responsibility, etc. William R Corliss
260 ## - PUBLICATION, DISTRIBUTION, ETC.
Name of publisher, distributor, etc. Heffers Book Sellers
Date of publication, distribution, etc. 1977
300 ## - PHYSICAL DESCRIPTION
Extent 542p
650 ## - SUBJECT ADDED ENTRY--TOPICAL TERM
Topical term or geographic name entry element Astronomy and Astrophysics Thesaurus
650 ## - SUBJECT ADDED ENTRY--TOPICAL TERM
Topical term or geographic name entry element Astronomy-Handbooks
942 ## - ADDED ENTRY ELEMENTS (KOHA)
Koha item type Books
952 ## - LOCATION AND ITEM INFORMATION (KOHA)
-- 38.75
Holdings
Withdrawn status Lost status Damaged status Not for loan Home library Current library Shelving location Date acquired Total Checkouts Full call number Barcode Date last seen Price effective from Koha item type
        IIA Library-Bangalore IIA Library-Bangalore General Stacks 31/03/1980   (035)52/ COR 7211 05/11/2021 31/03/1980 Books

Powered by Koha